00834nam a2200241Ia 4500003000900000008004100009020001800050040001600068080001600084100002100100245007800121260003800199300002300237490004400260650003100304650003100335650002600366650002900392650001100421942000700432999001700439952013600456IN-BaIIA211028s9999 xx 000 0 eng d a0-471-40815-8 cIIA Library a535bLIZ-II aLizuka, K927058 0aElements of photonicsbvol. 2, for fibre and integrated opticscK. Lizuka aNew YorkbJohn Wiley & Sonsc2002 axxviii, 605-1197p. aWiley series in pure and applied optics aAnistropic crystals927059 aBoundary conditions927060 aFourier optics913622 aOptical properties93730 aOptics cBK c14958d14958 00104070aBANbBANcGENd2003-02-27g9330.31l0o535/ LIZ-IIp15880r2021-11-05v9330.31w2003-02-27yBKGRs. 9330.31/ 2 vol. set